[Event "Wch Blitz (Women)"]
[Site "Warsaw"]
[Date "2021.12.30"]
[Round "10"]
[White "Efimenko, Maria"]
[Black "Serikbay, Assel"]
[Result "1-0"]
[WhiteElo "2245"]
[BlackElo "2263"]
[PlyCount "97"]
[EventDate "2021.12.29"]
[EventType "swiss (blitz)"]
[EventRounds "17"]
[EventCountry "POL"]
[SourceTitle "CBM 205 Extra"]
[Source "ChessBase"]
[SourceDate "2022.01.31"]
[SourceVersion "1"]
[SourceVersionDate "2022.01.31"]
[SourceQuality "1"]

1. e4 c5 2. c3 Nf6 3. e5 Nd5 4. d4 cxd4 5. cxd4 Nc6 6. Nf3 e6 7. Bc4 d6 8. 0-0 Be7 9. Nbd2 0-0 10. Re1 dxe5 11. dxe5 Qc7 12. Qe2 a6 13. Nb3 Ndb4 14. a3 b5 15. axb4 bxc4 16. Qxc4 Bxb4 17. Re4 Bb7 18. Rg4 Rfc8 19. Bh6 g6 20. Rc1 Qe7 21. Qf4 a5 22. Bg5 Qf8 23. Bf6 Be7 24. Ng5 Nb4 25. Rd1 Nd5 26. Qd4 a4 27. Nd2 Bc5 28. Qe4 Nxf6 29. Qxb7 Nxg4 30. Nde4 Rab8 31. Qa6 h6 32. Nxe6 fxe6 33. Qxe6+ Qf7 34. Qxg4 Be7 35. e6 Qf5 36. Qe2 Rd8 37. Re1 Qe5 38. h3 Rxb2 39. Qg4 Kh7 40. h4 Qf5 41. Qg3 Rf8 42. Qc7 Qxe6 43. Ng5+ hxg5 44. Rxe6 Rb1+ 45. Kh2 Rf7 46. Rxe7 Rxe7 47. Qxe7+ Kg8 48. Qe8+ Kg7 49. Qxa4 1-0

[Event "Wch Blitz (Women)"]
[Site "Warsaw"]
[Date "2021.12.30"]
[Round "11"]
[White "Hryzlova, Sofiia"]
[Black "Efimenko, Maria"]
[Result "1-0"]
[WhiteElo "2097"]
[BlackElo "2245"]
[PlyCount "107"]
[EventDate "2021.12.29"]
[EventType "swiss (blitz)"]
[EventRounds "17"]
[EventCountry "POL"]
[SourceTitle "CBM 205 Extra"]
[Source "ChessBase"]
[SourceDate "2022.01.31"]
[SourceVersion "1"]
[SourceVersionDate "2022.01.31"]
[SourceQuality "1"]

1. d4 d6 2. c4 e5 3. d5 f5 4. Nc3 Nf6 5. g3 g6 6. Bg2 Bg7 7. e4 0-0 8. Nge2 a5 9. 0-0 Na6 10. exf5 Bxf5 11. a3 Nc5 12. Be3 Qd7 13. b4 axb4 14. axb4 Nd3 15. Rxa8 Rxa8 16. c5 Nxb4 17. Qb3 Nd3 18. c6 bxc6 19. dxc6+ Qf7 20. Qb7 Rd8 21. Nb5 Ne8 22. Nec3 Bc8 23. Qb8 Kh8 24. Na7 Qf5 25. Be4 Qh3 26. Bxd3 Bf6 27. Nxc8 Rxc8 28. Qb3 Ng7 29. Qf7 Qe6 30. Qxe6 Nxe6 31. Ba6 Ra8 32. Bb7 Ra5 33. Rb1 Kg7 34. Bc8 Nc5 35. Rb5 Ra1+ 36. Kg2 Nd3 37. Rb7 Bd8 38. Nd5 Ne1+ 39. Kh3 Nf3 40. Nxc7 Bxc7 41. Rxc7+ Kf6 42. Rxh7 e4 43. Kg4 Ne5+ 44. Kf4 Nxc6 45. Kxe4 Ra4+ 46. Kf3 Ne5+ 47. Kg2 Ra2 48. Bb7 Rb2 49. Be4 Rb4 50. Bf3 Rb3 51. h4 Rd3 52. Be4 Rd1 53. Bg5+ Ke6 54. Re7# 1-0

[Event "Wch Blitz (Women)"]
[Site "Warsaw"]
[Date "2021.12.29"]
[Round "7"]
[White "Bivol, Alina"]
[Black "Efimenko, Maria"]
[Result "1-0"]
[WhiteElo "2368"]
[BlackElo "2245"]
[PlyCount "63"]
[EventDate "2021.12.29"]
[EventType "swiss (blitz)"]
[EventRounds "17"]
[EventCountry "POL"]
[SourceTitle "CBM 205 Extra"]
[Source "ChessBase"]
[SourceDate "2022.01.31"]
[SourceVersion "1"]
[SourceVersionDate "2022.01.31"]
[SourceQuality "1"]

1. e4 g6 2. d4 Bg7 3. Nc3 d6 4. g3 Nf6 5. Bg2 0-0 6. Nge2 Nbd7 7. h3 e5 8. Be3 c6 9. 0-0 Qc7 10. a4 a5 11. g4 h6 12. Ng3 Re8 13. f4 exf4 14. Bxf4 Nf8 15. Kh1 Ne6 16. Be3 d5 17. e5 Nh7 18. Qd2 Qb6 19. b3 Qd8 20. Bxh6 Bxh6 21. Qxh6 Rf8 22. Nce2 c5 23. c3 cxd4 24. cxd4 b6 25. Nc3 Bb7 26. Nb5 Ba6 27. Rad1 Qd7 28. Nf5 gxf5 29. gxf5 Ng7 30. f6 Ne6 31. Rf5 Bxb5 32. Rh5 1-0

[Event "Wch Blitz (Women)"]
[Site "Warsaw"]
[Date "2021.12.29"]
[Round "5"]
[White "Dylag, Emilia"]
[Black "Efimenko, Maria"]
[Result "0-1"]
[WhiteElo "1956"]
[BlackElo "2245"]
[PlyCount "52"]
[EventDate "2021.12.29"]
[EventType "swiss (blitz)"]
[EventRounds "17"]
[EventCountry "POL"]
[SourceTitle "CBM 205 Extra"]
[Source "ChessBase"]
[SourceDate "2022.01.31"]
[SourceVersion "1"]
[SourceVersionDate "2022.01.31"]
[SourceQuality "1"]

1. d4 d6 2. Nf3 g6 3. c4 Nf6 4. g3 Bf5 5. Bg2 c6 6. 0-0 Bg7 7. Nc3 Ne4 8. Nd2 Nxc3 9. bxc3 0-0 10. e4 Be6 11. Rb1 Qc8 12. f4 c5 13. e5 Nc6 14. d5 Bg4 15. Qa4 Nd8 16. Re1 b6 17. Qc2 Nb7 18. Qd3 Qc7 19. h3 Bf5 20. Be4 Bxh3 21. Nf3 dxe5 22. fxe5 f5 23. d6 fxe4 24. Qd5+ e6 25. Qxe4 Qf7 26. Be3 Qxf3 0-1

[Event "Wch Blitz (Women)"]
[Site "Warsaw"]
[Date "2021.12.29"]
[Round "4"]
[White "Efimenko, Maria"]
[Black "Kamalidenova, Meruert"]
[Result "0-1"]
[WhiteElo "2245"]
[BlackElo "2351"]
[PlyCount "76"]
[EventDate "2021.12.29"]
[EventType "swiss (blitz)"]
[EventRounds "17"]
[EventCountry "POL"]
[SourceTitle "CBM 205 Extra"]
[Source "ChessBase"]
[SourceDate "2022.01.31"]
[SourceVersion "1"]
[SourceVersionDate "2022.01.31"]
[SourceQuality "1"]

1. e4 c5 2. c3 Nf6 3. e5 Nd5 4. d4 cxd4 5. cxd4 e6 6. Nf3 d6 7. Bc4 dxe5 8. dxe5 Be7 9. 0-0 Nc6 10. Bd2 a6 11. Qe2 Qc7 12. Nc3 Nxc3 13. Bxc3 0-0 14. Rac1 Rd8 15. a3 b5 16. Bd3 Bb7 17. h3 Qb6 18. Rfd1 Rac8 19. Bb1 g6 20. h4 b4 21. axb4 Nxb4 22. h5 Nd5 23. Bd4 Qb5 24. Qd2 Nb4 25. Rxc8 Rxc8 26. hxg6 hxg6 27. Qf4 Nd5 28. Qg4 Qe8 29. Ng5 Kg7 30. Ne4 Qh8 31. Nf6 Nb4 32. Qg3 Nd5 33. Qg4 Rc7 34. Qg3 Rc8 35. Bd3 Qh6 36. Ng4 Qh5 37. Nf6 Qxd1+ 38. Bf1 Rc1 0-1

[Event "Wch Rapid (Women)"]
[Site "Warsaw"]
[Date "2021.12.28"]
[Round "9"]
[White "Efimenko, Maria"]
[Black "Katkov, Michelle"]
[Result "1-0"]
[WhiteElo "2245"]
[BlackElo "2151"]
[PlyCount "71"]
[EventDate "2021.12.26"]
[EventType "swiss (rapid)"]
[EventRounds "11"]
[EventCountry "POL"]
[SourceTitle "CBM 205 Extra"]
[Source "ChessBase"]
[SourceDate "2022.01.31"]
[SourceVersion "1"]
[SourceVersionDate "2022.01.31"]
[SourceQuality "1"]

1. e4 e5 2. Nf3 Nc6 3. Bb5 a6 4. Ba4 Nf6 5. d3 d6 6. c3 g6 7. 0-0 Bg7 8. h3 0-0 9. Re1 b5 10. Bc2 Nh5 11. Bg5 f6 12. Be3 f5 13. Bb3+ Kh8 14. exf5 Ne7 15. fxg6 hxg6 16. Nbd2 Bb7 17. Ng5 Qd7 18. Nde4 Nd5 19. Qg4 Qxg4 20. hxg4 Nhf4 21. Bxf4 Rxf4 22. Ne6 Rxg4 23. f3 Rh4 24. Kf2 Nf4 25. Nxf4 exf4 26. Rh1 Rh6 27. Ng5 Rh5 28. Rxh5+ gxh5 29. Rh1 d5 30. Rxh5+ Kg8 31. Ne6 Kf7 32. Nxc7 Rc8 33. Nxd5 Kg6 34. Nxf4+ Kf6 35. Be6 Re8 36. Rf5+ 1-0

[Event "Wch Rapid (Women)"]
[Site "Warsaw"]
[Date "2021.12.28"]
[Round "10"]
[White "Efimenko, Maria"]
[Black "Yakimova, Mariya"]
[Result "0-1"]
[WhiteElo "2245"]
[BlackElo "2198"]
[PlyCount "92"]
[EventDate "2021.12.26"]
[EventType "swiss (rapid)"]
[EventRounds "11"]
[EventCountry "POL"]
[SourceTitle "CBM 205 Extra"]
[Source "ChessBase"]
[SourceDate "2022.01.31"]
[SourceVersion "1"]
[SourceVersionDate "2022.01.31"]
[SourceQuality "1"]

1. e4 c5 2. c3 d5 3. exd5 Qxd5 4. d4 g6 5. Na3 cxd4 6. Nb5 Na6 7. Qxd4 Qxd4 8. Nxd4 Bg7 9. Ngf3 Nc7 10. Bf4 Nd5 11. Bb5+ Kf8 12. Bg3 a6 13. Bc4 Ngf6 14. 0-0 Nb6 15. Bb3 Ne4 16. Bc7 Nd7 17. Rfe1 Nec5 18. Bc2 Nb8 19. Rad1 Bf6 20. Ne5 Kg7 21. Nc4 Ne6 22. Nxe6+ Bxe6 23. Nb6 Ra7 24. Bb3 Bf5 25. Nd5 Nc6 26. Nxf6 exf6 27. Rd6 Raa8 28. Bd5 Rac8 29. Bb6 Rhe8 30. Rc1 Re2 31. b3 Rxa2 32. Re1 Rc2 33. c4 Rc3 34. c5 h5 35. h3 Bc2 36. Rd7 Bxb3 37. Rxf7+ Kh6 38. Bxb3 Rxb3 39. Rxb7 a5 40. h4 a4 41. Rf7 a3 42. Bc7 a2 43. Bf4+ g5 44. hxg5+ Kg6 45. Rxf6+ Kg7 46. Rfe6 Rb1 0-1

[Event "Titled Tuesday intern op 18th Aug"]
[Site "Chess.com INT"]
[Date "2020.08.18"]
[Round "4"]
[White "Efimenko, Maria"]
[Black "Flores Quillas, Diego Saul Rodrigo"]
[Result "1-0"]
[WhiteElo "2245"]
[BlackElo "2245"]
[PlyCount "41"]
[EventDate "2020.08.18"]
[EventType "swiss (blitz)"]
[EventRounds "10"]
[EventCountry "USA"]
[SourceTitle "CBM 197 Extra"]
[Source "ChessBase"]
[SourceDate "2020.09.30"]
[SourceVersion "1"]
[SourceVersionDate "2020.09.30"]
[SourceQuality "1"]

1. e4 c5 2. c3 Nf6 3. e5 Nd5 4. d4 cxd4 5. Nf3 e6 6. cxd4 d6 7. Bc4 Be7 8. 0-0 0-0 9. Qe2 Nc6 10. Na3 a6 11. Bd3 b5 12. Bxh7+ Kxh7 13. Qc2+ Kg8 14. Qxc6 Bd7 15. Qc2 Rc8 16. Qe4 Bc6 17. Qg4 Re8 18. Bh6 Bf8 19. Ng5 f5 20. Qh5 Qd7 21. Qg6 1-0

[Event "AZE-UKR Blitz m"]
[Site "Chess.com INT"]
[Date "2020.07.23"]
[Round "7"]
[White "Efimenko, Maria"]
[Black "Abdulla, Khayala Mardan Qizi"]
[Result "0-1"]
[WhiteElo "2245"]
[BlackElo "2263"]
[PlyCount "86"]
[EventDate "2020.07.23"]
[EventType "team-schev (blitz)"]
[EventRounds "10"]
[EventCountry "AZE"]
[SourceTitle "CBM 197 Extra"]
[Source "ChessBase"]
[SourceDate "2020.09.30"]
[SourceVersion "1"]
[SourceVersionDate "2020.09.30"]
[SourceQuality "1"]
[WhiteTeam "Ukraine"]
[BlackTeam "Azerbaijan"]
[WhiteTeamCountry "UKR"]
[BlackTeamCountry "AZE"]

1. e4 c5 2. Nf3 e6 3. c3 d5 4. exd5 exd5 5. d4 Nc6 6. Be2 Bd6 7. dxc5 Bxc5 8. Nbd2 Nf6 9. Nb3 Bb6 10. 0-0 0-0 11. h3 Ne4 12. Nbd4 Qf6 13. Be3 Qg6 14. Kh1 f5 15. Qb3 Ne7 16. Bf4 Qf6 17. Be5 Qf7 18. c4 Kh8 19. cxd5 Qxd5 20. Bc4 Qd8 21. Rad1 Qe8 22. Be6 Nc6 23. Bxc8 Rxc8 24. Ne6 Nxf2+ 25. Rxf2 Nxe5 26. Nxf8 Bxf2 27. Nxe5 Qxe5 28. Nd7 Qe7 29. Qxb7 Re8 30. Qf3 Be3 31. Qxf5 Qb4 32. Ne5 Qe7 33. Nf7+ Kg8 34. Nd6 Rf8 35. Qd5+ Kh8 36. Re1 h6 37. Nf5 Qg5 38. Nxe3 Qg3 39. Rf1 Re8 40. Nf5 Qg5 41. Qf7 Re2 42. g3 Rxb2 43. Ne7 Rb8 0-1

[Event "AZE-UKR Blitz m"]
[Site "Chess.com INT"]
[Date "2020.07.23"]
[Round "4"]
[White "Mammadova, Gulnar Marfat Qizi"]
[Black "Efimenko, Maria"]
[Result "1-0"]
[WhiteElo "2382"]
[BlackElo "2245"]
[PlyCount "109"]
[EventDate "2020.07.23"]
[EventType "team-schev (blitz)"]
[EventRounds "10"]
[EventCountry "AZE"]
[SourceTitle "CBM 197 Extra"]
[Source "ChessBase"]
[SourceDate "2020.09.30"]
[SourceVersion "1"]
[SourceVersionDate "2020.09.30"]
[SourceQuality "1"]
[WhiteTeam "Azerbaijan"]
[BlackTeam "Ukraine"]
[WhiteTeamCountry "AZE"]
[BlackTeamCountry "UKR"]

1. e4 g6 2. d4 Bg7 3. Nc3 d6 4. Nf3 Nf6 5. Be2 0-0 6. 0-0 c6 7. a4 a5 8. h3 Qc7 9. Bf4 Nh5 10. Be3 e5 11. dxe5 dxe5 12. Bc4 Na6 13. Qe2 Nf4 14. Bxf4 exf4 15. e5 Qe7 16. Rfe1 Nb4 17. Ne4 Be6 18. Bxe6 fxe6 19. c3 Nd5 20. Rad1 Rad8 21. c4 Nb4 22. Rd6 h6 23. Red1 Kh7 24. Nc5 Rfe8 25. Rxd8 Rxd8 26. Rxd8 Qxd8 27. Nxe6 Qd3 28. Nxf4 Qxe2 29. Nxe2 Nd3 30. e6 Bf6 31. b3 Kg7 32. Nd2 Nc5 33. f4 Nxe6 34. Kf2 Kf7 35. Ke3 Be7 36. Ne4 Ng7 37. g4 Ne6 38. Nc1 Nc5 39. Nxc5 Bxc5+ 40. Ke4 Bd6 41. Nd3 b6 42. Ne5+ Bxe5 43. Kxe5 Ke7 44. f5 gxf5 45. Kxf5 Kf7 46. h4 Kg7 47. g5 hxg5 48. hxg5 Kf7 49. g6+ Kg7 50. Kg5 c5 51. Kf5 Kg8 52. Ke6 Kg7 53. Kd6 Kxg6 54. Kc6 Kf6 55. Kxb6 1-0

[Event "AZE-UKR Blitz m"]
[Site "Chess.com INT"]
[Date "2020.07.23"]
[Round "10"]
[White "Umudova, Nargiz"]
[Black "Efimenko, Maria"]
[Result "0-1"]
[WhiteElo "2281"]
[BlackElo "2245"]
[PlyCount "64"]
[EventDate "2020.07.23"]
[EventType "team-schev (blitz)"]
[EventRounds "10"]
[EventCountry "AZE"]
[SourceTitle "CBM 197 Extra"]
[Source "ChessBase"]
[SourceDate "2020.09.30"]
[SourceVersion "1"]
[SourceVersionDate "2020.09.30"]
[SourceQuality "1"]
[WhiteTeam "Azerbaijan"]
[BlackTeam "Ukraine"]
[WhiteTeamCountry "AZE"]
[BlackTeamCountry "UKR"]

1. e4 c5 2. Nf3 e6 3. d4 cxd4 4. Nxd4 Nf6 5. Nc3 Nc6 6. Nxc6 bxc6 7. e5 Nd5 8. Be2 Nxc3 9. bxc3 Qa5 10. Qd4 Bc5 11. Qc4 Ba6 12. Qb3 Bxe2 13. Kxe2 0-0 14. Rd1 Qa6+ 15. c4 Rab8 16. Qc3 Rb4 17. Kf1 Rxc4 18. Qd3 Bd4 19. Rb1 Bxe5 20. Kg1 d5 21. Qe3 Bf4 22. Qb3 Bxc1 23. Rdxc1 c5 24. Rb2 Rb4 25. Qc3 d4 26. Qxc5 Rxb2 27. Qxd4 Qxa2 28. g3 Rxc2 29. Ra1 Qc4 30. Qxa7 Rc1+ 31. Kg2 Qf1+ 32. Kf3 Rxa1 0-1

[Event "AZE-UKR Rapid m"]
[Site "Chess.com INT"]
[Date "2020.07.22"]
[Round "7.9"]
[White "Abdulla, Khayala Mardan Qizi"]
[Black "Efimenko, Maria"]
[Result "1-0"]
[WhiteElo "2263"]
[BlackElo "2245"]
[PlyCount "71"]
[EventDate "2020.07.21"]
[EventType "team-schev (rapid)"]
[EventRounds "10"]
[EventCountry "AZE"]
[SourceTitle "CBM 197 Extra"]
[Source "ChessBase"]
[SourceDate "2020.09.30"]
[SourceVersion "1"]
[SourceVersionDate "2020.09.30"]
[SourceQuality "1"]
[WhiteTeam "Azerbaijan"]
[BlackTeam "Ukraine"]
[WhiteTeamCountry "AZE"]
[BlackTeamCountry "UKR"]

1. e4 g6 2. d4 Bg7 3. Nc3 d6 4. f4 Nc6 5. Be3 Nf6 6. h3 0-0 7. g4 e6 8. Bg2 d5 9. e5 Ne8 10. Nge2 a6 11. Ng3 Ne7 12. Qd2 b5 13. h4 f5 14. gxf5 exf5 15. h5 Rf7 16. Nce2 c6 17. Ng1 Nc7 18. Nf3 Ne6 19. hxg6 hxg6 20. Ng5 Nxg5 21. fxg5 Be6 22. Ne2 a5 23. Nf4 Qd7 24. Bf3 Rff8 25. Nd3 b4 26. Nc5 Qc8 27. 0-0-0 Kf7 28. Rh7 Rh8 29. Rdh1 Rxh7 30. Rxh7 Kf8 31. Qh2 Bg8 32. Bf4 Bxh7 33. Qxh7 Ra7 34. c3 bxc3 35. bxc3 a4 36. e6 1-0

[Event "AZE-UKR Rapid m"]
[Site "Chess.com INT"]
[Date "2020.07.22"]
[Round "6.10"]
[White "Efimenko, Maria"]
[Black "Beydullayeva, Govhar"]
[Result "0-1"]
[WhiteElo "2245"]
[BlackElo "2263"]
[PlyCount "124"]
[EventDate "2020.07.21"]
[EventType "team-schev (rapid)"]
[EventRounds "10"]
[EventCountry "AZE"]
[SourceTitle "CBM 197 Extra"]
[Source "ChessBase"]
[SourceDate "2020.09.30"]
[SourceVersion "1"]
[SourceVersionDate "2020.09.30"]
[SourceQuality "1"]
[WhiteTeam "Ukraine"]
[BlackTeam "Azerbaijan"]
[WhiteTeamCountry "UKR"]
[BlackTeamCountry "AZE"]

1. e4 c5 2. c3 Nf6 3. e5 Nd5 4. d4 cxd4 5. Nf3 d6 6. cxd4 Nc6 7. Bc4 Nb6 8. Bb5 Bd7 9. Nc3 dxe5 10. dxe5 g6 11. 0-0 Bg7 12. Bf4 0-0 13. Qc1 a6 14. Bd3 Bg4 15. Be4 Bxf3 16. Bxf3 Nxe5 17. Bxb7 Ra7 18. Be4 Nd3 19. Bxd3 Qxd3 20. Bh6 Rb7 21. Bxg7 Kxg7 22. Qf4 Qc4 23. Qxc4 Nxc4 24. b3 Nd6 25. Rad1 Rc8 26. Nd5 Rc2 27. Nxe7 Rxe7 28. Rxd6 Rxa2 29. Rb6 Ree2 30. g3 Reb2 31. Kg2 a5 32. Rb5 Ra3 33. Rc1 Rbxb3 34. Rxb3 Rxb3 35. Rc5 a4 36. Ra5 Ra3 37. Ra6 Ra2 38. h4 h5 39. Kf3 a3 40. Ke3 Ra1 41. Kf3 Kf8 42. Ra7 Ke8 43. Kg2 Kf8 44. Kf3 Kg7 45. Ra6 f6 46. Ra7+ Kh6 47. Ra6 a2 48. Kg2 Kg7 49. Kf3 g5 50. hxg5 fxg5 51. Kg2 h4 52. gxh4 gxh4 53. f4 Kf7 54. f5 Kg7 55. Rg6+ Kf7 56. Ra6 Ke7 57. Kh2 h3 58. Re6+ Kf8 59. Ra6 Kf7 60. f6 Kg6 61. Ra3 Kxf6 62. Ra5 Ke6 0-1

[Event "AZE-UKR Rapid m"]
[Site "Chess.com INT"]
[Date "2020.07.21"]
[Round "5.1"]
[White "Mammadzada, Gunay Vuqar Qizi"]
[Black "Efimenko, Maria"]
[Result "1-0"]
[WhiteElo "2443"]
[BlackElo "2245"]
[PlyCount "53"]
[EventDate "2020.07.21"]
[EventType "team-schev (rapid)"]
[EventRounds "10"]
[EventCountry "AZE"]
[SourceTitle "CBM 197 Extra"]
[Source "ChessBase"]
[SourceDate "2020.09.30"]
[SourceVersion "1"]
[SourceVersionDate "2020.09.30"]
[SourceQuality "1"]
[WhiteTeam "Azerbaijan"]
[BlackTeam "Ukraine"]
[WhiteTeamCountry "AZE"]
[BlackTeamCountry "UKR"]

1. e4 g6 2. d4 Bg7 3. Nc3 d6 4. f4 Nc6 5. Be3 Nf6 6. Nf3 Bg4 7. h3 Bxf3 8. Qxf3 e5 9. dxe5 dxe5 10. f5 Nd4 11. Qf2 0-0 12. 0-0-0 c5 13. g4 h6 14. Bc4 g5 15. Qg2 Qa5 16. Nd5 b5 17. Nxf6+ Bxf6 18. Bd5 Rac8 19. h4 Kg7 20. hxg5 hxg5 21. Rh5 c4 22. Kb1 c3 23. Qh2 Rh8 24. Rh1 Nf3 25. Rh7+ Rxh7 26. Qxh7+ Kf8 27. Qxf7# 1-0

[Event "Titled Tuesday intern op 14th July"]
[Site "Chess.com INT"]
[Date "2020.07.14"]
[Round "4"]
[White "Mehdi, Hasan Parag"]
[Black "Efimenko, Maria"]
[Result "0-1"]
[WhiteElo "2180"]
[BlackElo "2245"]
[PlyCount "116"]
[EventDate "2020.07.14"]
[EventType "swiss (blitz)"]
[EventRounds "10"]
[EventCountry "USA"]
[SourceTitle "CBM 197 Extra"]
[Source "ChessBase"]
[SourceDate "2020.09.30"]
[SourceVersion "1"]
[SourceVersionDate "2020.09.30"]
[SourceQuality "1"]

1. e4 g6 2. d4 Bg7 3. Nc3 d6 4. f4 Nc6 5. Nf3 Nf6 6. Bd3 0-0 7. e5 Ne8 8. Be3 dxe5 9. fxe5 Bg4 10. Be2 e6 11. h3 Bxf3 12. Bxf3 Qh4+ 13. Bf2 Qf4 14. 0-0 Rd8 15. Ne2 Qg5 16. Qe1 Rd7 17. c3 Ne7 18. Bxb7 c6 19. Ba6 Nc7 20. Bc4 Ncd5 21. Ng3 Nf5 22. Ne4 Qh6 23. Qc1 Nde3 24. Be2 Nxf1 25. Qxf1 Rb7 26. b4 Qf4 27. Nc5 Rc7 28. Kh1 Bh6 29. Bg4 Ne3 30. Bxe3 Qxf1+ 31. Rxf1 Bxe3 32. Ne4 Kg7 33. Rf3 Bh6 34. a4 Bc1 35. a5 h5 36. Bxh5 gxh5 37. Nf6 Bg5 38. Nxh5+ Kh6 39. Ng3 Rg8 40. Ne4 Be7 41. Rxf7 Rg7 42. Rf3 Rc8 43. Nc5 Bxc5 44. dxc5 Rd8 45. Rf4 Rd1+ 46. Kh2 Rd2 47. Rg4 Rxg4 48. hxg4 Kg5 49. b5 cxb5 50. c6 Rd5 51. c4 bxc4 52. c7 Rc5 53. a6 Rxc7 54. Kg3 Rc5 55. Kf3 c3 56. Ke4 c2 57. Kd4 c1Q 58. Kd3 Qc3+ 0-1

[Event "Titled Tuesday intern op 14th July"]
[Site "Chess.com INT"]
[Date "2020.07.14"]
[Round "3"]
[White "Sukovic, Andrej"]
[Black "Efimenko, Maria"]
[Result "0-1"]
[WhiteElo "2261"]
[BlackElo "2245"]
[PlyCount "68"]
[EventDate "2020.07.14"]
[EventType "swiss (blitz)"]
[EventRounds "10"]
[EventCountry "USA"]
[SourceTitle "CBM 197 Extra"]
[Source "ChessBase"]
[SourceDate "2020.09.30"]
[SourceVersion "1"]
[SourceVersionDate "2020.09.30"]
[SourceQuality "1"]

1. e4 g6 2. d4 Bg7 3. Nc3 d6 4. f4 Nc6 5. Be3 Nf6 6. d5 Nb8 7. Nf3 0-0 8. Qd2 c6 9. dxc6 Nxc6 10. 0-0-0 Qa5 11. Kb1 b5 12. Bd3 b4 13. Ne2 Rb8 14. Ned4 Bb7 15. Nb3 Qc7 16. e5 dxe5 17. Nxe5 a5 18. Nc5 Nxe5 19. fxe5 Qxe5 20. Na4 Nd5 21. Rhe1 Nxe3 22. Qxe3 Qh5 23. g3 Bc6 24. Nc5 a4 25. h4 a3 26. Be2 Qf5 27. Nd3 axb2 28. Rf1 Qa5 29. Qc5 Qa4 30. Rxf7 Rxf7 31. Qc4 Ra8 32. Nf4 b3 33. Qxb3 Qxb3 34. axb3 Ra1# 0-1

[Event "Titled Tuesday intern op 7th July"]
[Site "Chess.com INT"]
[Date "2020.07.07"]
[Round "3"]
[White "Machado, Luiz Fernando"]
[Black "Efimenko, Maria"]
[Result "1-0"]
[WhiteElo "1592"]
[BlackElo "2245"]
[PlyCount "41"]
[EventDate "2020.07.07"]
[EventType "swiss (blitz)"]
[EventRounds "10"]
[EventCountry "USA"]
[SourceTitle "CBM 197 Extra"]
[Source "ChessBase"]
[SourceDate "2020.09.30"]
[SourceVersion "1"]
[SourceVersionDate "2020.09.30"]
[SourceQuality "1"]

1. e4 g6 2. d4 Bg7 3. Nf3 d6 4. Nc3 Nf6 5. Be3 0-0 6. Qd2 Nbd7 7. Bh6 e5 8. h4 exd4 9. Nxd4 Ne5 10. h5 Nxh5 11. Bxg7 Kxg7 12. Be2 Bg4 13. f3 Rh8 14. fxg4 Ng3 15. Qh6+ Kg8 16. g5 Nxh1 17. Nd5 Nd7 18. Bg4 c6 19. Bxd7 cxd5 20. Ne6 Qa5+ 21. c3 1-0

[Event "Speed Chess (Women) Q2"]
[Site "Chess.com INT"]
[Date "2020.06.19"]
[Round "3"]
[White "Efimenko, Maria"]
[Black "Filippova, Margarita"]
[Result "0-1"]
[WhiteElo "2245"]
[BlackElo "1931"]
[PlyCount "94"]
[EventDate "2020.06.19"]
[EventType "swiss (blitz)"]
[EventRounds "13"]
[EventCountry "USA"]
[SourceTitle "CBM 196 Extra"]
[Source "ChessBase"]
[SourceDate "2020.07.31"]
[SourceVersion "1"]
[SourceVersionDate "2020.07.31"]
[SourceQuality "1"]

1. e4 Nf6 2. e5 Nd5 3. d4 d6 4. Nf3 g6 5. Be2 Bg7 6. 0-0 0-0 7. h3 c5 8. exd6 exd6 9. c4 Nb6 10. Nc3 cxd4 11. Nxd4 d5 12. c5 Nc4 13. Bf3 Nc6 14. Nb3 d4 15. Nb5 a6 16. Bxc6 axb5 17. Bxb5 Be6 18. Qf3 Qc7 19. Bf4 Qc8 20. Qe2 d3 21. Qxd3 Nxb2 22. Qc2 Na4 23. Rad1 Nc3 24. Bd3 Nxd1 25. Rxd1 Rd8 26. Bd6 Bf8 27. Bxf8 Kxf8 28. Re1 Kg8 29. Be4 Bd5 30. Bxd5 Rxd5 31. Re2 Qc6 32. Qc3 Rc8 33. Rc2 b6 34. Nd4 Qxc5 35. Qd2 Qxc2 36. Qxc2 Rxc2 37. Nxc2 Rd2 38. Nb4 Rb2 39. Nd5 Rxa2 40. Nxb6 Ra1+ 41. Kh2 Kg7 42. Kg3 Kf6 43. Nd5+ Ke5 44. Ne3 f5 45. f4+ Ke4 46. Nc4 Ra2 47. Nd6+ Ke3 0-1

[Event "Speed Chess (Women) Q2"]
[Site "Chess.com INT"]
[Date "2020.06.19"]
[Round "4"]
[White "Fuentes Inzunza, Lesly"]
[Black "Efimenko, Maria"]
[Result "0-1"]
[WhiteElo "1840"]
[BlackElo "2245"]
[PlyCount "34"]
[EventDate "2020.06.19"]
[EventType "swiss (blitz)"]
[EventRounds "13"]
[EventCountry "USA"]
[SourceTitle "CBM 196 Extra"]
[Source "ChessBase"]
[SourceDate "2020.07.31"]
[SourceVersion "1"]
[SourceVersionDate "2020.07.31"]
[SourceQuality "1"]

1. d4 d6 2. Nf3 Nf6 3. g3 g6 4. Bg2 Bf5 5. 0-0 Bg7 6. c4 0-0 7. Qb3 Qc8 8. Nc3 Nc6 9. d5 Na5 10. Qa4 b6 11. Nh4 Bh3 12. Re1 Bxg2 13. Nxg2 c5 14. e4 Ng4 15. Bd2 Ne5 16. b3 Nf3+ 17. Kh1 Qh3 0-1

[Event "Speed Chess (Women) Q2"]
[Site "Chess.com INT"]
[Date "2020.06.19"]
[Round "11"]
[White "Goltseva, Ekaterina"]
[Black "Efimenko, Maria"]
[Result "0-1"]
[WhiteElo "2306"]
[BlackElo "2245"]
[PlyCount "126"]
[EventDate "2020.06.19"]
[EventType "swiss (blitz)"]
[EventRounds "13"]
[EventCountry "USA"]
[SourceTitle "CBM 196 Extra"]
[Source "ChessBase"]
[SourceDate "2020.07.31"]
[SourceVersion "1"]
[SourceVersionDate "2020.07.31"]
[SourceQuality "1"]

1. d4 d6 2. e4 g6 3. c4 Bg7 4. Nc3 Nf6 5. Nf3 0-0 6. h3 Nbd7 7. Be3 e5 8. d5 a5 9. g4 Qe7 10. Nd2 Nc5 11. Be2 c6 12. h4 cxd5 13. cxd5 b6 14. h5 Ba6 15. Bxa6 Rxa6 16. Qe2 Raa8 17. Bg5 Qd7 18. f3 Rfb8 19. a4 Ne8 20. Kf2 Nc7 21. Be3 b5 22. Bxc5 dxc5 23. axb5 Nxb5 24. Nxb5 Rxb5 25. Nc4 a4 26. Ra2 Rb4 27. hxg6 hxg6 28. Ne3 Qb7 29. Kg3 Rb8 30. Rh2 Bf6 31. Nc4 Qb5 32. Ne3 Bg5 33. Rf2 Bf4+ 34. Kg2 Qxe2 35. Rxe2 Bxe3 36. Rxe3 Rxb2+ 37. Re2 Rxe2+ 38. Rxe2 Ra8 39. Ra2 a3 40. Kf2 Kf8 41. Ke3 Ke7 42. f4 f6 43. g5 exf4+ 44. Kxf4 Ra4 45. gxf6+ Kxf6 46. Kg4 Rxe4+ 47. Kf3 Ra4 48. d6 Ke6 49. Ke3 Kxd6 50. Kd3 Kd5 51. Kc3 c4 52. Rd2+ Kc5 53. Ra2 g5 54. Kc2 g4 55. Kb1 g3 56. Rg2 Rb4+ 57. Ka1 Rb3 58. Rg1 Kd4 59. Rg2 Ke4 60. Rg1 Kf3 61. Rf1+ Ke2 62. Rg1 Kf2 63. Rb1 g2 0-1